[Event "44. Torneo Capablanca In Memoriam Open"]
[Site "La Habana CUB"]
[Date "2009.06.16"]
[Round "8.35"]
[White "Figueroa, Marco Alexander"]
[Black "Ramon Pita, Vivian"]
[Result "1/2-1/2"]
[WhiteElo "2195"]
[BlackElo "2233"]
[PlyCount "108"]
[EventDate "2009.06.08"]
[EventType "swiss"]
[EventRounds "9"]
[EventCountry "CUB"]
[Source "lmi"]
[SourceDate "2009.06.08"]

1. e4 e5 2. Nf3 Nc6 3. Bb5 a6 4. Ba4 Nf6 5. Qe2 d6 6. c3 Bd7 7. O-O Be7 8. Rd1
O-O 9. Bc2 Qe8 10. d4 Bd8 11. h3 Kh8 12. Nbd2 Nh5 13. Nf1 g6 14. dxe5 Nxe5 15.
Nxe5 dxe5 16. Bh6 Ng7 17. Ne3 Be6 18. Ng4 f6 19. f4 exf4 20. Bxf4 Nh5 21. Bh2
Rc8 22. Rf1 Be7 23. Rad1 Qc6 24. Ne3 Qb6 25. b3 Bc5 26. Rfe1 Rcd8 27. Kh1 Rxd1
28. Bxd1 Bd6 29. Qf2 Bxh2 30. Kxh2 Qd6+ 31. g3 Qe5 32. c4 Ng7 33. Bg4 Bg8 34.
Qf4 h5 35. Bd7 Qb2+ 36. Ng2 g5 37. Qxc7 Qxa2 38. Qxb7 Qb2 39. Qxa6 Qxb3 40. c5
Qc3 41. c6 h4 42. g4 Qg3+ 43. Kg1 Qe5 44. Qa7 Ne6 45. Bxe6 Bxe6 46. Qe7 Rf7 47.
Qb4 Kg7 48. Rc1 Rc7 49. Rc3 Bf7 50. Ne3 Qg3+ 51. Ng2 Qe5 52. Ne3 Qg3+ 53. Ng2
Qe5 54. Ne3 Qg3+ 1/2-1/2

[Event "44. Torneo Capablanca In Memoriam Open"]
[Site "La Habana CUB"]
[Date "2009.06.16"]
[Round "8.36"]
[White "Trujillo Villega, Pablo Adrian"]
[Black "Fleitas Marti, Yuleikis"]
[Result "1-0"]
[WhiteElo "2209"]
[BlackElo "2228"]
[PlyCount "73"]
[EventDate "2009.06.08"]
[EventType "swiss"]
[EventRounds "9"]
[EventCountry "CUB"]
[Source "lmi"]
[SourceDate "2009.06.08"]

1. e4 c5 2. Nf3 Nc6 3. d4 cxd4 4. Nxd4 Nf6 5. Nc3 e5 6. Ndb5 d6 7. Nd5 Nxd5 8.
exd5 Nb8 9. a4 Be7 10. Be2 O-O 11. O-O Nd7 12. f4 a6 13. Na3 b6 14. Nc4 Bb7 15.
fxe5 Nxe5 16. Nxe5 dxe5 17. c4 Bc5+ 18. Kh1 f5 19. a5 f4 20. Bd2 Rf6 21. b4 Bd4
22. Ra3 bxa5 23. bxa5 Rh6 24. Bxf4 Qe7 25. Bxh6 Qxa3 26. Bd2 Rf8 27. Bg4 Rf6
28. Rxf6 gxf6 29. Be6+ Kf8 30. Bh6+ Ke8 31. Bg7 Ke7 32. Bxf6+ Kd6 33. Bg7 Kc7
34. Qe1 Qb2 35. c5 Bc3 36. Qf1 e4 37. Qf4+ 1-0

[Event "44. Torneo Capablanca In Memoriam Open"]
[Site "La Habana CUB"]
[Date "2009.06.16"]
[Round "8.37"]
[White "Hernandez, Zaida"]
[Black "Linares Napoles, Olennis"]
[Result "0-1"]
[WhiteElo "2043"]
[BlackElo "2295"]
[PlyCount "50"]
[EventDate "2009.06.08"]
[EventType "swiss"]
[EventRounds "9"]
[EventCountry "CUB"]
[Source "lmi"]
[SourceDate "2009.06.08"]

1. e4 d6 2. d4 Nf6 3. Nc3 g6 4. Bg5 Bg7 5. Qd2 h6 6. Bh4 Nbd7 7. f4 c5 8. d5
Qb6 9. O-O-O Nxe4 10. Qe3 Ndf6 11. g4 O-O 12. g5 hxg5 13. Bxg5 Ng4 14. Qg3 Nef6
15. h3 Nh6 16. Bd3 Nf5 17. Qe1 Bd7 18. Bxf5 Bxf5 19. Nf3 Rfe8 20. Qh4 Nh5 21.
Bxe7 f6 22. Rhe1 Kf7 23. Ng5+ fxg5 24. Bxg5 Qb4 25. a3 Qc4 0-1

[Event "44. Torneo Capablanca In Memoriam Open"]
[Site "La Habana CUB"]
[Date "2009.06.16"]
[Round "8.38"]
[White "Soto Paez, Oliver"]
[Black "Herrera Sosa, Jessica"]
[Result "1-0"]
[WhiteElo "2293"]
[BlackElo "1927"]
[PlyCount "83"]
[EventDate "2009.06.08"]
[EventType "swiss"]
[EventRounds "9"]
[EventCountry "CUB"]
[Source "lmi"]
[SourceDate "2009.06.08"]

1. e4 c5 2. Nf3 d6 3. d4 cxd4 4. Nxd4 Nf6 5. Nc3 a6 6. Be3 e5 7. Nb3 Be6 8. f3
Be7 9. Qd2 Nbd7 10. g4 b5 11. g5 b4 12. Ne2 Nh5 13. Ng3 Nxg3 14. hxg3 a5 15. f4
Nb6 16. Bb5+ Bd7 17. Bxd7+ Nxd7 18. Qd3 Qc7 19. Nd2 Rc8 20. O-O-O a4 21. Kb1 a3
22. b3 Qc3 23. Qxc3 Rxc3 24. Nc4 O-O 25. Rd3 Rxd3 26. cxd3 exf4 27. gxf4 f6 28.
Bd2 Rb8 29. Ne3 Nc5 30. Nd5 Bd8 31. gxf6 Nxd3 32. Rg1 g6 33. Kc2 Nf2 34. e5
dxe5 35. fxe5 Kf7 36. Rf1 Ng4 37. Re1 Rc8+ 38. Kd3 Rc5 39. Kd4 Rc2 40. e6+ Kg8
41. f7+ Kf8 42. Bxb4+ 1-0

[Event "44. Torneo Capablanca In Memoriam Open"]
[Site "La Habana CUB"]
[Date "2009.06.16"]
[Round "8.39"]
[White "Martin Rosabal, Niuris"]
[Black "Garcia, Sergio"]
[Result "1-0"]
[WhiteElo "1982"]
[BlackElo "2190"]
[PlyCount "55"]
[EventDate "2009.06.08"]
[EventType "swiss"]
[EventRounds "9"]
[EventCountry "CUB"]
[Source "lmi"]
[SourceDate "2009.06.08"]

1. e4 c5 2. Nf3 e6 3. c4 Nc6 4. d4 cxd4 5. Nxd4 Nf6 6. Nc3 Bb4 7. f3 d5 8. cxd5
exd5 9. Bb5 O-O 10. Nxc6 bxc6 11. Bxc6 Ba6 12. Bxa8 Qxa8 13. Qa4 Qb7 14. Bd2
Rc8 15. a3 Bc5 16. b4 Bd4 17. Rc1 Bc4 18. b5 Bb6 19. Nxd5 Bxd5 20. Rxc8+ Qxc8
21. exd5 Qc5 22. Kd1 h6 23. d6 Qxd6 24. Qb3 Ba5 25. Qb2 Qd3 26. Re1 Nd5 27.
Re8+ Kh7 28. Qc2 1-0

[Event "44. Torneo Capablanca In Memoriam Open"]
[Site "La Habana CUB"]
[Date "2009.06.16"]
[Round "8.40"]
[White "Ubaldo Suarez, Maria Gisela"]
[Black "Catala, Ivete"]
[Result "1-0"]
[WhiteElo "2093"]
[BlackElo "2173"]
[PlyCount "104"]
[EventDate "2009.06.08"]
[EventType "swiss"]
[EventRounds "9"]
[EventCountry "CUB"]
[Source "lmi"]
[SourceDate "2009.06.08"]

1. d4 Nf6 2. c4 e6 3. Nc3 Bb4 4. Qc2 c5 5. e3 b6 6. Bd3 Bxc3+ 7. Qxc3 Bb7 8. f3
cxd4 9. exd4 d5 10. c5 O-O 11. Ne2 bxc5 12. dxc5 Nbd7 13. b4 Qc7 14. O-O e5 15.
Ng3 e4 16. fxe4 Nxe4 17. Nxe4 dxe4 18. Bb2 f6 19. Bxe4 Bxe4 20. Qc4+ Kh8 21.
Qxe4 Rae8 22. Qc2 Ne5 23. h3 Rb8 24. a3 a5 25. Bc3 Nc4 26. Qe4 Nd6 27. Qf4 Nb5
28. Qxc7 Nxc7 29. Rfd1 Na6 30. Rab1 Rfc8 31. Be1 h6 32. Rdc1 axb4 33. axb4 Rb5
34. c6 Kh7 35. Rc4 f5 36. Rd1 f4 37. Ra1 Nc7 38. Rxf4 Nd5 39. Rc4 Rb6 40. Rac1
Nc7 41. Bf2 Rb5 42. Re4 h5 43. Rec4 Nd5 44. Be1 Nc7 45. Rc5 Rxc5 46. Rxc5 g6
47. Rc4 Kg7 48. Kf2 Kf7 49. Ke3 Ke6 50. Kd4 Ne8 51. Kc5 Nd6 52. Rd4 Ne8 1-0

[Event "44. Torneo Capablanca In Memoriam Open"]
[Site "La Habana CUB"]
[Date "2009.06.16"]
[Round "8.42"]
[White "Espinosa Velos, Ermes"]
[Black "Mena Crespo, Carlos E"]
[Result "1-0"]
[WhiteElo "2395"]
[BlackElo "2353"]
[PlyCount "109"]
[EventDate "2009.06.08"]
[EventType "swiss"]
[EventRounds "9"]
[EventCountry "CUB"]
[Source "lmi"]
[SourceDate "2009.06.08"]

1. e4 e5 2. Nf3 Nc6 3. Bb5 Nf6 4. O-O Nxe4 5. d4 Nd6 6. Bxc6 dxc6 7. dxe5 Nf5
8. Qxd8+ Kxd8 9. Nc3 Ne7 10. h3 Ng6 11. Bg5+ Ke8 12. Rad1 Bd7 13. Rd2 Be6 14.
Nd4 h6 15. Nxe6 fxe6 16. Be3 Bb4 17. Rfd1 Nxe5 18. Bf4 Nc4 19. Rd4 b5 20. Re1
Bxc3 21. bxc3 Kf7 22. Bxc7 Rhe8 23. Rf4+ Kg8 24. Rfe4 Re7 25. Bg3 Rae8 26. h4
h5 27. Be5 a6 28. Rd1 Kf7 29. Rd3 Kg8 30. f3 Kf7 31. g4 Rh8 32. Bf4 hxg4 33.
Bg5 Rb7 34. fxg4 e5 35. h5 Ke6 36. Bf4 Re7 37. Bg3 Ree8 38. Kg2 Rd8 39. Re1 Rd5
40. Rxd5 cxd5 41. Kh3 Rf8 42. g5 Rf3 43. Kg4 e4 44. h6 gxh6 45. gxh6 Kf6 46.
Bf4 Kg6 47. Rd1 Nb6 48. Rg1 Kh7 49. Kf5 Nc4 50. Rg7+ Kh8 51. Rd7 Rf1 52. Ra7
Nd6+ 53. Kg6 Rg1+ 54. Bg5 Ne8 55. Ra8 1-0

[Event "44. Torneo Capablanca In Memoriam Open"]
[Site "La Habana CUB"]
[Date "2009.06.17"]
[Round "9.1"]
[White "Gonzalez Vidal, Yuri"]
[Black "Almeida Quintana, Omar"]
[Result "1/2-1/2"]
[WhiteElo "2501"]
[BlackElo "2516"]
[PlyCount "20"]
[EventDate "2009.06.08"]
[EventType "swiss"]
[EventRounds "9"]
[EventCountry "CUB"]
[Source "lmi"]
[SourceDate "2009.06.08"]

1. d4 d5 2. Nf3 Nf6 3. c4 c6 4. cxd5 cxd5 5. Nc3 Nc6 6. Bf4 Bf5 7. e3 e6 8. Bb5
Nd7 9. O-O Rc8 10. Rc1 Be7 1/2-1/2

[Event "44. Torneo Capablanca In Memoriam Open"]
[Site "La Habana CUB"]
[Date "2009.06.17"]
[Round "9.2"]
[White "Bacallao, Yusnel"]
[Black "Gomez Frontal, Felix M"]
[Result "1-0"]
[WhiteElo "2469"]
[BlackElo "2359"]
[PlyCount "87"]
[EventDate "2009.06.08"]
[EventType "swiss"]
[EventRounds "9"]
[EventCountry "CUB"]
[Source "lmi"]
[SourceDate "2009.06.08"]

1. e4 e5 2. Nf3 Nc6 3. Bc4 Nf6 4. d3 Bc5 5. c3 a6 6. O-O Ba7 7. Bb3 d6 8. Nbd2
h6 9. Nc4 O-O 10. Be3 Be6 11. Bxa7 Rxa7 12. Re1 Bxc4 13. Bxc4 Na5 14. Bb3 Nxb3
15. Qxb3 Re8 16. a4 a5 17. Re2 Nh5 18. g3 Qf6 19. Re3 Qg6 20. d4 Nf6 21. Nh4
Qg4 22. dxe5 dxe5 23. f3 Qc8 24. Rd1 Ra6 25. Red3 Rb6 26. Qc2 Qe6 27. Nf5 Qa2
28. R1d2 Rb3 29. c4 Rb4 30. Ra3 Qxc4 31. Rc3 Qa6 32. Rxc7 Qb6+ 33. Qc5 Qxc5+
34. Rxc5 Rxa4 35. Rb5 g6 36. Nd6 Rd8 37. Rxe5 Rd7 38. Rc5 Rb4 39. e5 Nh7 40.
Rxa5 Ng5 41. Ra8+ Kh7 42. Ne8 Nxf3+ 43. Kh1 h5 44. Rxd7 1-0

[Event "44. Torneo Capablanca In Memoriam Open"]
[Site "La Habana CUB"]
[Date "2009.06.17"]
[Round "9.3"]
[White "Jimenez, Pedro A"]
[Black "Hevia Alejano, Carlos A"]
[Result "0-1"]
[WhiteElo "2383"]
[BlackElo "2332"]
[PlyCount "60"]
[EventDate "2009.06.08"]
[EventType "swiss"]
[EventRounds "9"]
[EventCountry "CUB"]
[Source "lmi"]
[SourceDate "2009.06.08"]

1. e4 c5 2. Nf3 d6 3. d4 cxd4 4. Nxd4 Nf6 5. Nc3 a6 6. f4 g6 7. e5 dxe5 8. fxe5
Ng4 9. e6 f5 10. h3 Nf6 11. Bc4 Qc7 12. Qe2 Bg7 13. Be3 O-O 14. O-O-O b5 15.
Bb3 Bb7 16. Rhe1 Nc6 17. Nxc6 Bxc6 18. g4 b4 19. Na4 fxg4 20. hxg4 Ne4 21. Qc4
Rac8 22. Nc5 Nxc5 23. Qxc5 a5 24. Rd7 Qg3 25. Rg1 Bb7 26. Qa7 Ra8 27. Qc5 a4
28. Bd5 Rac8 29. Qb6 Qe5 30. Bd4 Qe2 0-1

[Event "44. Torneo Capablanca In Memoriam Open"]
[Site "La Habana CUB"]
[Date "2009.06.17"]
[Round "9.4"]
[White "Ortiz Suarez, Isam"]
[Black "Delgado, Hector"]
[Result "1-0"]
[WhiteElo "2493"]
[BlackElo "2385"]
[PlyCount "207"]
[EventDate "2009.06.08"]
[EventType "swiss"]
[EventRounds "9"]
[EventCountry "CUB"]
[Source "lmi"]
[SourceDate "2009.06.08"]

1. d4 d5 2. c4 c6 3. Nf3 Nf6 4. e3 a6 5. a4 g6 6. Be2 Bg7 7. O-O O-O 8. Nc3 Bg4
9. Qb3 Ra7 10. h3 Bxf3 11. Bxf3 e6 12. a5 Nbd7 13. Bd2 Qb8 14. Rfc1 Rd8 15. Na4
Ne8 16. Bb4 Nd6 17. Be2 Ne4 18. Nc3 Ndf6 19. Rd1 Ra8 20. Bd3 Nd6 21. Rac1 dxc4
22. Bxc4 Nxc4 23. Qxc4 Nd5 24. Bc5 e5 25. dxe5 Qxe5 26. Bd4 Qe6 27. Bxg7 Kxg7
28. Nxd5 Rxd5 29. Rxd5 Qxd5 30. Qxd5 cxd5 31. Rc7 Rb8 32. Rd7 b6 33. Rxd5 bxa5
34. Rxa5 Rxb2 35. Rxa6 h5 36. h4 Rb4 37. g3 Rc4 38. Kg2 Rb4 39. Kf3 Rb5 40. e4
Rc5 41. Rd6 Ra5 42. Kf4 Rb5 43. f3 Ra5 44. g4 hxg4 45. Kxg4 Ra1 46. Rd2 Rg1+
47. Kf4 Rh1 48. Kg3 Ra1 49. Rh2 Ra5 50. Kg4 Kh6 51. Rh1 Rb5 52. Ra1 Kg7 53. Rd1
Ra5 54. Rd5 Ra4 55. Kg3 Rb4 56. h5 gxh5 57. Rxh5 Ra4 58. Kf4 Rb4 59. Ra5 Kf6
60. Ra6+ Kg7 61. Kf5 Rb5+ 62. e5 Rc5 63. Ra7 Rb5 64. f4 Rb6 65. Rd7 Ra6 66. Ke4
Ra4+ 67. Rd4 Ra1 68. f5 Re1+ 69. Kd5 Ra1 70. Rg4+ Kf8 71. f6 Ra5+ 72. Ke4 Ra4+
73. Kf5 Ra1 74. Rb4 Rf1+ 75. Ke4 Re1+ 76. Kd5 Rd1+ 77. Rd4 Re1 78. Kc6 Rc1+ 79.
Kd7 Ra1 80. Rd5 Rb1 81. Ra5 Rd1+ 82. Kc6 Rc1+ 83. Kd5 Rd1+ 84. Ke4 Re1+ 85. Kf4
Rf1+ 86. Ke3 Ke8 87. Ra8+ Kd7 88. Ra6 Re1+ 89. Kf4 Rf1+ 90. Kg5 Rg1+ 91. Kh6
Rg8 92. Kh7 Rg1 93. Ra7+ Ke6 94. Re7+ Kf5 95. Rxf7 Kxe5 96. Rg7 Rh1+ 97. Kg6
Rg1+ 98. Kf7 Ra1 99. Rg5+ Kd6 100. Kg7 Rf1 101. f7 Ke7 102. Re5+ Kd6 103. Re8
Rg1+ 104. Kh6 1-0

[Event "44. Torneo Capablanca In Memoriam Open"]
[Site "La Habana CUB"]
[Date "2009.06.17"]
[Round "9.6"]
[White "Guerrero, Juan Carlos"]
[Black "Martinez Duany, Lelys"]
[Result "0-1"]
[WhiteElo "2202"]
[BlackElo "2520"]
[PlyCount "196"]
[EventDate "2009.06.08"]
[EventType "swiss"]
[EventRounds "9"]
[EventCountry "CUB"]
[Source "lmi"]
[SourceDate "2009.06.08"]

1. e4 c5 2. Nf3 Nc6 3. d4 cxd4 4. Nxd4 g6 5. c4 Bg7 6. Be3 Nf6 7. Nc3 O-O 8.
Be2 d6 9. O-O Bd7 10. Qd2 Nxd4 11. Bxd4 Bc6 12. f3 a5 13. b3 Nd7 14. Be3 Nc5
15. Rac1 Qb6 16. Rfd1 Rfc8 17. Nd5 Bxd5 18. cxd5 Qb4 19. Rc4 Qxd2 20. Bxd2 Bb2
21. Rc2 Ba3 22. Bb5 Rc7 23. Kf1 Na6 24. Rc4 Rxc4 25. Bxc4 Nc7 26. Be3 b5 27.
Bd3 Rb8 28. Bd2 Bb4 29. Ke2 Na6 30. a4 Bxd2 31. Kxd2 Nc5 32. axb5 Nxb3+ 33. Kc3
Nc5 34. Bc4 Kf8 35. Ra1 Ra8 36. Rb1 Ke8 37. b6 Na4+ 38. Kd4 Kd8 39. Rb5 Rb8 40.
Rxa5 Nxb6 41. Bb5 Ra8 42. Rxa8+ Nxa8 43. f4 Nc7 44. Bc4 Kc8 45. e5 Kb7 46. g4
f6 47. g5 fxg5 48. fxg5 Kb6 49. exd6 exd6 50. Bd3 Na6 51. Be2 Nc5 52. Bg4 Kc7
53. Be6 Kd8 54. h4 Ke7 55. Bg4 Nb7 56. Bd1 Nd8 57. Be2 Nf7 58. Ke4 h6 59. Kf4
hxg5+ 60. hxg5 Ne5 61. Ke4 Kd7 62. Kd4 Kc7 63. Bd1 Kb6 64. Be2 Ka5 65. Bd1 Kb5
66. Be2+ Kb4 67. Bd1 Ka3 68. Be2 Ka4 69. Bd1+ Kb4 70. Be2 Kb3 71. Bd1+ Kb2 72.
Ba4 Nf3+ 73. Ke4 Nxg5+ 74. Kf4 Nf7 75. Bd7 g5+ 76. Kf5 Ne5 77. Be6 g4 78. Kf4
Kc3 79. Kg3 Kd3 80. Bg8 Ke3 81. Be6 Ke4 82. Bg8 Nd7 83. Be6 Nf6 84. Bf7 Kf5 85.
Be6+ Kg5 86. Bf7 Ne4+ 87. Kg2 Kf4 88. Be6 Ng3 89. Bc8 Nf5 90. Be6 Ne3+ 91. Kf2
g3+ 92. Ke2 Ng4 93. Kf1 Kf3 94. Kg1 Ne3 95. Bd7 g2 96. Ba4 Kg3 97. Bb3 Nf5 98.
Bd1 Nh4 0-1

[Event "44. Torneo Capablanca In Memoriam Open"]
[Site "La Habana CUB"]
[Date "2009.06.17"]
[Round "9.7"]
[White "Morales Romero, Pedro"]
[Black "Vera Gonzalez-Quevedo, Reynaldo"]
[Result "1/2-1/2"]
[WhiteElo "2410"]
[BlackElo "2475"]
[PlyCount "24"]
[EventDate "2009.06.08"]
[EventType "swiss"]
[EventRounds "9"]
[EventCountry "CUB"]
[Source "lmi"]
[SourceDate "2009.06.08"]

1. e4 c5 2. Nf3 e6 3. d4 cxd4 4. Nxd4 Nf6 5. Nc3 d6 6. g4 h6 7. h4 Nc6 8. Rg1
d5 9. Bb5 Bd7 10. exd5 Nxd5 11. Nxd5 exd5 12. Be3 Be7 1/2-1/2

[Event "44. Torneo Capablanca In Memoriam Open"]
[Site "La Habana CUB"]
[Date "2009.06.17"]
[Round "9.8"]
[White "Leyva Rivera, Yunior"]
[Black "Rasmussen, Karsten"]
[Result "1-0"]
[WhiteElo "2392"]
[BlackElo "2447"]
[PlyCount "147"]
[EventDate "2009.06.08"]
[EventType "swiss"]
[EventRounds "9"]
[EventCountry "CUB"]
[Source "lmi"]
[SourceDate "2009.06.08"]

1. d4 d5 2. c4 c6 3. Nf3 e6 4. e3 Nf6 5. Nbd2 Nbd7 6. b3 Bd6 7. Bb2 O-O 8. Bd3
Re8 9. Ne5 dxc4 10. Ndxc4 Bb4+ 11. Kf1 Nxe5 12. Nxe5 Bf8 13. g4 Nd7 14. h4 Nxe5
15. dxe5 Qd5 16. f3 a5 17. Qe2 a4 18. Rd1 Qa5 19. Qc2 h6 20. g5 axb3 21. axb3
Qc5 22. Qe2 Ra2 23. gxh6 g6 24. h7+ Kh8 25. f4 Qd5 26. Kf2 Ba3 27. Bc2 Qc5 28.
Bxa3 Qxc2 29. Qxc2 Rxc2+ 30. Kf3 c5 31. Rc1 Rxc1 32. Rxc1 b6 33. b4 Bb7+ 34.
Kg4 Ra8 35. Rc3 c4 36. b5 Kxh7 37. Be7 Rc8 38. Kg5 Kg7 39. h5 gxh5 40. Kxh5 Be4
41. Kg5 Bd3 42. Bd6 Ra8 43. Bc7 Ra5 44. Bxb6 Rxb5 45. Bd4 Rb1 46. Kg4 Kg6 47.
Ra3 Be4 48. Ra7 Rg1+ 49. Kh3 Rh1+ 50. Kg4 Bf5+ 51. Kg3 Rd1 52. Rd7 Bd3 53. Kg4
Be2+ 54. Kg3 Rf1 55. Kg2 Bd3 56. Kg3 Rh1 57. Kg4 Rh7 58. Rd8 Be2+ 59. Kg3 Kf5
60. Kf2 Bd3 61. Kf3 Be4+ 62. Kf2 Bd5 63. Rd7 Ke4 64. Kg3 Kd3 65. Ra7 Rg7+ 66.
Kh4 Rh7+ 67. Kg5 f6+ 68. exf6 Rxa7 69. Bxa7 e5 70. fxe5 c3 71. Bd4 c2 72. Bb2
Kxe3 73. Kf5 Be4+ 74. Ke6 1-0

[Event "44. Torneo Capablanca In Memoriam Open"]
[Site "La Habana CUB"]
[Date "2009.06.17"]
[Round "9.9"]
[White "Quesada Perez, Yasser"]
[Black "Real de Azua, Ernesto"]
[Result "1/2-1/2"]
[WhiteElo "2402"]
[BlackElo "2445"]
[PlyCount "65"]
[EventDate "2009.06.08"]
[EventType "swiss"]
[EventRounds "9"]
[EventCountry "CUB"]
[Source "lmi"]
[SourceDate "2009.06.08"]

1. e4 c6 2. d4 d5 3. exd5 cxd5 4. c4 Nf6 5. Nc3 Nc6 6. Bg5 e6 7. Nf3 Be7 8. Bd3
dxc4 9. Bxc4 O-O 10. O-O a6 11. Rc1 b5 12. Bd3 Bb7 13. Re1 Rc8 14. Bb1 Re8 15.
a3 g6 16. Ba2 Nh5 17. Be3 b4 18. Na4 bxa3 19. bxa3 Bxa3 20. Rb1 Nb4 21. Bb3 Nd5
22. Bxd5 Bxd5 23. Nb6 Rb8 24. Nxd5 Rxb1 25. Qxb1 Qxd5 26. Qb6 Qb5 27. Qc7 Nf6
28. Ne5 Be7 29. Ra1 Nd5 30. Qa7 f6 31. Nf3 Qb6 32. Qxb6 Nxb6 33. Rxa6 1/2-1/2

[Event "44. Torneo Capablanca In Memoriam Open"]
[Site "La Habana CUB"]
[Date "2009.06.17"]
[Round "9.10"]
[White "Guerra Mendez, Jose Angel"]
[Black "Espinosa Velos, Ermes"]
[Result "1/2-1/2"]
[WhiteElo "2420"]
[BlackElo "2395"]
[PlyCount "40"]
[EventDate "2009.06.08"]
[EventType "swiss"]
[EventRounds "9"]
[EventCountry "CUB"]
[Source "lmi"]
[SourceDate "2009.06.08"]

1. e4 e5 2. Nf3 Nc6 3. Bb5 Bc5 4. O-O Nd4 5. Nxd4 Bxd4 6. c3 Bb6 7. d4 c6 8.
Bc4 d6 9. dxe5 dxe5 10. Qxd8+ Bxd8 11. Be3 Nf6 12. f3 Bb6 13. Kf2 Ke7 14. Nd2
Rd8 15. Rfd1 Be6 16. Bxe6 Bxe3+ 17. Kxe3 Kxe6 18. Nc4 Ne8 19. Ke2 Nd6 20. Nxd6
Rxd6 1/2-1/2

[Event "44. Torneo Capablanca In Memoriam Open"]
[Site "La Habana CUB"]
[Date "2009.06.17"]
[Round "9.11"]
[White "Garcia Pantoja, Roberto"]
[Black "Arencibia Rodriguez, Walter"]
[Result "0-1"]
[WhiteElo "2369"]
[BlackElo "2519"]
[PlyCount "90"]
[EventDate "2009.06.08"]
[EventType "swiss"]
[EventRounds "9"]
[EventCountry "CUB"]
[Source "lmi"]
[SourceDate "2009.06.08"]

1. e4 e5 2. Nf3 Nc6 3. Bb5 Nf6 4. O-O Bc5 5. Nxe5 Nxe4 6. Qe2 Nxe5 7. Qxe4 Qe7
8. d4 Nc6 9. Qxe7+ Bxe7 10. c3 a6 11. Ba4 b5 12. Bb3 Rb8 13. Bf4 d6 14. Nd2 Na5
15. Bc2 Be6 16. b4 Nc4 17. Nxc4 Bxc4 18. Rfe1 Kd7 19. a4 g6 20. Be4 Rhe8 21. a5
f5 22. Bc2 Bf6 23. f3 Rbc8 24. Rad1 Rxe1+ 25. Rxe1 c5 26. dxc5 Bxc3 27. Rd1 d5
28. Bd2 Bd4+ 29. Kh1 Re8 30. Re1 Rxe1+ 31. Bxe1 Be3 32. Bd1 d4 33. g4 f4 34.
Kg2 g5 35. h4 h6 36. h5 Kc6 37. Kh1 Bf1 38. Kh2 Kd5 39. Bb3+ Bc4 40. Bd1 d3 41.
c6 Kxc6 42. Bc3 Ba2 43. Kg2 Bb1 44. Kf1 Bc2 45. Ke1 Kd5 0-1

[Event "44. Torneo Capablanca In Memoriam Open"]
[Site "La Habana CUB"]
[Date "2009.06.17"]
[Round "9.13"]
[White "Clavijo, Jorge Mario"]
[Black "Margolin, Boris"]
[Result "1-0"]
[WhiteElo "2365"]
[BlackElo "2436"]
[PlyCount "81"]
[EventDate "2009.06.08"]
[EventType "swiss"]
[EventRounds "9"]
[EventCountry "CUB"]
[Source "lmi"]
[SourceDate "2009.06.08"]

1. e4 c6 2. d4 d5 3. Nc3 g6 4. h3 Bg7 5. Nf3 dxe4 6. Nxe4 Nd7 7. Bc4 Ngf6 8.
Nxf6+ Nxf6 9. O-O O-O 10. c3 Qd6 11. Qe2 b5 12. Bb3 a6 13. Bg5 Re8 14. Rfe1 Nd5
15. Nd2 Bf5 16. g4 Bd7 17. Ne4 Qc7 18. Qf3 Rad8 19. Re2 Bc8 20. Rae1 h6 21.
Bxd5 Rxd5 22. Nf6+ Bxf6 23. Bxf6 Be6 24. Rxe6 fxe6 25. Be5 Rxe5 26. Rxe5 Qd6
27. Qe4 Kf7 28. Qf3+ Kg7 29. Qe3 Kf7 30. Qxh6 Rg8 31. Qe3 Rh8 32. Kg2 Rb8 33.
a3 Ra8 34. Qh6 Rg8 35. Kg1 a5 36. Re4 g5 37. Re5 Rg6 38. Qh7+ Kf6 39. Kg2 Rg7
40. Qh6+ Kf7 41. Rxg5 1-0

[Event "44. Torneo Capablanca In Memoriam Open"]
[Site "La Habana CUB"]
[Date "2009.06.17"]
[Round "9.15"]
[White "Macias Murillo, Bryan"]
[Black "Otero, Diasmany"]
[Result "1-0"]
[WhiteElo "2299"]
[BlackElo "2431"]
[PlyCount "149"]
[EventDate "2009.06.08"]
[EventType "swiss"]
[EventRounds "9"]
[EventCountry "CUB"]
[Source "lmi"]
[SourceDate "2009.06.08"]

1. d4 f5 2. Nc3 d5 3. Bf4 c6 4. Nf3 Nf6 5. e3 e6 6. Be2 Be7 7. h3 O-O 8. O-O
Nbd7 9. Bh2 Nb6 10. a3 Bd7 11. Ne5 Be8 12. Bd3 c5 13. dxc5 Bxc5 14. Ne2 Bh5 15.
Qe1 Bxe2 16. Qxe2 Bd6 17. Nf3 Bxh2+ 18. Nxh2 Rc8 19. Nf3 Na4 20. c4 Qb6 21.
cxd5 Nxd5 22. Rab1 Rfd8 23. Rfd1 Rd6 24. Ng5 g6 25. Bc4 Qc5 26. Bxd5 exd5 27.
Rbc1 Qxc1 28. Rxc1 Rxc1+ 29. Kh2 a6 30. Qd2 Rcc6 31. Qd4 Nc5 32. Qe5 Ne6 33.
Nf3 Rd8 34. h4 Ng7 35. Qe7 Rb8 36. Ne5 Re6 37. Qf7+ Kh8 38. Qc7 Rbe8 39. Nf7+
Kg8 40. Nh6+ Kh8 41. Qxb7 Nh5 42. Nf7+ Kg7 43. Ng5+ R6e7 44. Qxa6 f4 45. exf4
Nxf4 46. Qd6 Re5 47. Nf3 Re4 48. g3 Nd3 49. Qc7+ Kg8 50. Ng5 R4e7 51. Qd6 Re5
52. Kg2 Ne1+ 53. Kh3 Nd3 54. f4 Nf2+ 55. Kg2 Re2 56. Qxd5+ Kh8 57. Qd4+ Kg8 58.
Qc4+ Kh8 59. Qc3+ Kg8 60. Kf3 R8e3+ 61. Qxe3 Rxe3+ 62. Kxe3 Nd1+ 63. Kd4 Nxb2
64. Kc3 Na4+ 65. Kb4 Nb6 66. a4 Kg7 67. a5 Nc8 68. Kc5 h5 69. Ne4 Kf8 70. Kc6
Ke7 71. Kb7 Kd8 72. a6 Kd7 73. Nc5+ Kd8 74. Ne6+ Kd7 75. Nf8+ 1-0

[Event "44. Torneo Capablanca In Memoriam Open"]
[Site "La Habana CUB"]
[Date "2009.06.17"]
[Round "9.17"]
[White "Prasca Sosa, Raphael"]
[Black "Corrales Jimenez, Zenia"]
[Result "1/2-1/2"]
[WhiteElo "2415"]
[BlackElo "2143"]
[PlyCount "23"]
[EventDate "2009.06.08"]
[EventType "swiss"]
[EventRounds "9"]
[EventCountry "CUB"]
[Source "lmi"]
[SourceDate "2009.06.08"]

1. e4 e5 2. Nf3 Nf6 3. Nxe5 d6 4. Nf3 Nxe4 5. Qe2 Qe7 6. d3 Nf6 7. Qxe7+ Bxe7
8. Be2 O-O 9. O-O Bg4 10. Bg5 Bh5 11. Bh4 Nbd7 12. Nbd2 1/2-1/2

[Event "44. Torneo Capablanca In Memoriam Open"]
[Site "La Habana CUB"]
[Date "2009.06.17"]
[Round "9.20"]
[White "Arias, Lemmys A"]
[Black "Abreu Delgado, Aryam"]
[Result "0-1"]
[WhiteElo "2406"]
[BlackElo "2487"]
[PlyCount "48"]
[EventDate "2009.06.08"]
[EventType "swiss"]
[EventRounds "9"]
[EventCountry "CUB"]
[Source "lmi"]
[SourceDate "2009.06.08"]

1. e4 c5 2. Nf3 d6 3. d4 cxd4 4. Nxd4 Nf6 5. Nc3 a6 6. Bc4 e6 7. Bb3 b5 8. O-O
Be7 9. f4 Bb7 10. f5 e5 11. Nde2 Nbd7 12. Bg5 Rc8 13. Bxf6 Nxf6 14. Qd3 Qc7 15.
a4 b4 16. Nd5 Nxd5 17. Bxd5 Bxd5 18. exd5 Qc4 19. Qxc4 Rxc4 20. c3 Kd7 21. b3
Re4 22. Kf2 bxc3 23. Rac1 Rc8 24. Rxc3 Rxe2+ 0-1

[Event "44. Torneo Capablanca In Memoriam Open"]
[Site "La Habana CUB"]
[Date "2009.06.17"]
[Round "9.21"]
[White "Miranda Mesa, Elier"]
[Black "Blanco, Humberto"]
[Result "1/2-1/2"]
[WhiteElo "2321"]
[BlackElo "2440"]
[PlyCount "101"]
[EventDate "2009.06.08"]
[EventType "swiss"]
[EventRounds "9"]
[EventCountry "CUB"]
[Source "lmi"]
[SourceDate "2009.06.08"]

1. e4 e5 2. Nf3 Nc6 3. Bb5 a6 4. Ba4 Nf6 5. O-O Be7 6. Re1 b5 7. Bb3 d6 8. c3
O-O 9. d3 Na5 10. Bc2 c5 11. Nbd2 Qc7 12. Nf1 Nc6 13. h3 h6 14. Ne3 Re8 15. d4
cxd4 16. cxd4 Bf8 17. d5 Nb4 18. Bb1 a5 19. a3 Na6 20. b4 Bd7 21. Bd2 axb4 22.
axb4 Qb7 23. Bd3 Be7 24. Nc2 Reb8 25. Qe2 Bd8 26. g4 Nh7 27. Kg2 Nc7 28. Kg3
Ra4 29. Ne3 Rba8 30. Rab1 Ra2 31. Nf5 Ne8 32. h4 R8a3 33. Rbd1 h5 34. g5 Nf8
35. Ne3 Ng6 36. Nc2 Nf4 37. Bxf4 exf4+ 38. Kxf4 Rc3 39. Ra1 Raxc2 40. Bxc2 Bg4
41. Bd3 Qc8 42. Kg3 Bb6 43. Rg1 Bd4 44. Qd2 Bxf3 45. Kxf3 Qh3+ 46. Rg3 Qh2 47.
Rg2 Qh3+ 48. Rg3 Qh2 49. Rg2 Qh3+ 50. Rg3 Qh2 51. Rg2 1/2-1/2